The illustrated dictionary of Western literature
| Main Author: | |
|---|---|
| Format: | Book |
| Published: |
New York :
Continuum ,
1987
|
| Subjects: |
MARC
| LEADER | 00000cam a2200000 7i4500 | ||
|---|---|---|---|
| 001 | 0000000160 | ||
| 002 | 000000219 | ||
| 005 | 20080125.0 | ||
| 020 | |a 082640393X | ||
| 090 | 0 | 0 | |a 803 |b LEG |
| 100 | 1 | |a Legat, Michael | |
| 245 | 1 | 4 | |a The illustrated dictionary of Western literature |c Michael Legat |
| 260 | |a New York : |b Continuum , |c 1987 | ||
| 300 | |a 352p. : |b ill. ; |c 27cm. | ||
| 650 | 0 | 0 | |a Literature |x Dictionaries |
| 999 | |a 027486 |b BUKU |c PINJAMAN |e PERPUSTAKAAN KOMUNITI PETALING JAYA | ||